Enduring Loss: (Record no. 160599)

MARC details
000 -LEADER
fixed length control field 00714nam a22001937a 4500
005 - DATE AND TIME OF LATEST TRANSACTION
control field 20190206111744.0
010 ## - LCCN (DPL NO)
LC control number ENG-124745
020 ## - INTERNATIONAL STANDARD BOOK NUMBER
International Standard Book Number 9788193376102
Terms of availability 75.00
035 ## - SYSTEM CONTROL NUMBER
System control number EN-108277
037 ## - SOURCE OF ACQUISITION
Source of stock number/acquisition DBAD/PUB
082 ## - DEWEY DECIMAL CLASSIFICATION NUMBER
Classification number 364.2560954
100 ## - MAIN ENTRY--PERSONAL NAME
Personal name Kashena, Asojiini Rachel
245 ## - TITLE STATEMENT
Title Enduring Loss:
Remainder of title stories from the kuki-naga conflict in manipur/
Statement of responsibility, etc by Asojiini Rachel Kashena
260 ## - PUBLICATION, DISTRIBUTION, ETC. (IMPRINT)
Place of publication, distribution, etc Guwahati
Name of publisher, distributor, etc North eastern social research centre
Date of publication, distribution, etc 2017
270 ## - ADDRESS
Address 2nd floor, Jagriti, Arunodoi Path, GMCH Road, Christian Basti
City Guwahati
Postal code 781005
Telephone number 91-361-2340179
Electronic mail address nesrcghy@gmail.com
300 ## - PHYSICAL DESCRIPTION
Extent xii,83p.
Dimensions 21cm(Pbk)
500 ## - GENERAL NOTE
General note includes references
942 ## - ADDED ENTRY ELEMENTS (KOHA)
Source of classification or shelving scheme Dewey Decimal Classification
Item type English Books
Classification part 364.2560954
Call number suffix ASO
Holdings
Withdrawn status Lost status Not for loan Collection code Home library Current library Date acquired Source of acquisition Cost, normal purchase price Full call number Barcode Copy number Cost, replacement price Koha item type
      Non-fiction Sarojini Nagar Sarojini Nagar 06/02/2019 DBAD/PUB 75.00 364.2560954 ASO EN-108277 1 75.00 English Books

© Delhi Public Library
Hit Counter
free hit counter